000 00470nam a2200181Ia 4500
005 20250326123753.0
008 250326s9999 xx 000 0 und d
037 _aTextbook
040 _aFMSL
_beng
_cFMSL
041 _aeng
_2eng
084 _aS J9
_qFMSL
100 _aMcdougall W
_978646
245 0 _aOutline of psychology
_cMcdougall W
260 _aLondon
_bLondon, Methuen
_c1959
300 _a456p
942 _cTB
_hS J9
999 _c1270887
_d1270887